<?xml version="1.0" encoding="UTF-8"?>
<record
    xmlns:xsi="http://www.w3.org/2001/XMLSchema-instance"
    xsi:schemaLocation="http://www.loc.gov/MARC21/slim http://www.loc.gov/standards/marcxml/schema/MARC21slim.xsd"
    xmlns="http://www.loc.gov/MARC21/slim">

  <leader>01950nam a22002657a 4500</leader>
  <datafield tag="999" ind1=" " ind2=" ">
    <subfield code="c">1477</subfield>
    <subfield code="d">1477</subfield>
  </datafield>
  <controlfield tag="003">OSt</controlfield>
  <controlfield tag="005">20191009215302.0</controlfield>
  <controlfield tag="008">170814b        xxu||||| |||| 00| 0 esp d</controlfield>
  <datafield tag="040" ind1=" " ind2=" ">
    <subfield code="c">DO-SdBJH</subfield>
    <subfield code="a">DO-SdBJH</subfield>
    <subfield code="b">spa</subfield>
  </datafield>
  <datafield tag="090" ind1=" " ind2=" ">
    <subfield code="a">TG AAFFM</subfield>
    <subfield code="b">01009 2015</subfield>
  </datafield>
  <datafield tag="100" ind1="1" ind2=" ">
    <subfield code="a">Cornelio Far&#xED;as, Danny Ferrer</subfield>
    <subfield code="e">sustentante</subfield>
  </datafield>
  <datafield tag="245" ind1="1" ind2="0">
    <subfield code="a">Propuesta de modernizaci&#xF3;n de la Fuerza A&#xE9;rea de Rep&#xFA;blica Dominicana (2016-2020):  An&#xE1;lisis diagn&#xF3;stico de la Direcci&#xF3;n de Operaciones A&#xE9;reas (A-3) /                  </subfield>
    <subfield code="c"> Danny Ferrer Cornelio Far&#xED;as, Laury de Jes&#xFA;s Barrera Hern&#xE1;ndez, asesores Gabriel Mart&#xED;nez Santana, Tebi Enrique Rodr&#xED;guez Hern&#xE1;ndez                    </subfield>
  </datafield>
  <datafield tag="260" ind1=" " ind2=" ">
    <subfield code="a">Santo Domingo Este :</subfield>
    <subfield code="b">INSUDE, </subfield>
    <subfield code="c">2015</subfield>
  </datafield>
  <datafield tag="300" ind1=" " ind2=" ">
    <subfield code="a">xiv, 34 p&#xE1;ginas, ilustraciones-tablas-gr&#xE1;ficos</subfield>
  </datafield>
  <datafield tag="502" ind1=" " ind2=" ">
    <subfield code="a">Trabajo de grado (Licenciatura en Ciencias Aeron&#xE1;uticas) -- Instituto Superior para la Defensa (INSUDE). -- Academia A&#xE9;rea Gral. De Brigada Piloto Frank Andr&#xE9;s Feliz Miranda, 2015.

</subfield>
  </datafield>
  <datafield tag="504" ind1=" " ind2=" ">
    <subfield code="a">Incluye referencias bibliogr&#xE1;ficas e &#xED;ndices</subfield>
  </datafield>
  <datafield tag="505" ind1=" " ind2=" ">
    <subfield code="a">Antecedentes operacional de la Direcci&#xF3;n de operaciones A&#xE9;reas (A-3) Fuerza A&#xE9;rea de Rep&#xFA;blica Dominicana. -- Aspectos generales a modernizar de la Direcci&#xF3;n de Operaciones A&#xE9;reas (A-3) Fuerza A&#xE9;rea de Rep&#xFA;blica Dominicana. -- Propuesta de modernizaci&#xF3;n de la Fuerza A&#xE9;rea de Rep&#xFA;blica Dominicana (2016-2020): An&#xE1;lisis diagnostico de la Direcci&#xF3;n de Operaci&#xF3;n A&#xE9;reas (A-3)</subfield>
  </datafield>
  <datafield tag="650" ind1=" " ind2="4">
    <subfield code="a">An&#xE1;lisis de la Direcci&#xF3;n de Operaciones A&#xE9;reas (A-3) -- Modernizaci&#xF3;n (propuesta)</subfield>
  </datafield>
  <datafield tag="651" ind1=" " ind2="4">
    <subfield code="a">Rep&#xFA;blica Dominicana.  Fuerza A&#xE9;rea -- Direcci&#xF3;n de Operaciones A&#xE9;reas</subfield>
  </datafield>
  <datafield tag="700" ind1="1" ind2=" ">
    <subfield code="a">Barrera Hern&#xE1;ndez, Laury de Jes&#xFA;s</subfield>
    <subfield code="e">sustentante</subfield>
  </datafield>
  <datafield tag="700" ind1="1" ind2=" ">
    <subfield code="a">Mart&#xED;nez Santana, Gabriel</subfield>
    <subfield code="e">asesor</subfield>
  </datafield>
  <datafield tag="700" ind1="1" ind2=" ">
    <subfield code="a">Rodr&#xED;guez Hern&#xE1;ndez, Tebi Enrique</subfield>
    <subfield code="e">asesor</subfield>
  </datafield>
  <datafield tag="830" ind1=" " ind2=" ">
    <subfield code="a">INSUDE.  Academia A&#xE9;rea Gral. De Brig. Pil.  Frank Andr&#xE9;s  Feliz Miranda.  Tesis y disertaciones acad&#xE9;micas</subfield>
  </datafield>
  <datafield tag="942" ind1=" " ind2=" ">
    <subfield code="2">CL</subfield>
    <subfield code="c">T</subfield>
  </datafield>
  <datafield tag="952" ind1=" " ind2=" ">
    <subfield code="0">0</subfield>
    <subfield code="1">0</subfield>
    <subfield code="2">CL</subfield>
    <subfield code="4">0</subfield>
    <subfield code="7">1</subfield>
    <subfield code="8">TG</subfield>
    <subfield code="a">BJHA</subfield>
    <subfield code="b">BJHA</subfield>
    <subfield code="d">2017-08-14</subfield>
    <subfield code="i">15-01009</subfield>
    <subfield code="l">0</subfield>
    <subfield code="o">TG AAFFM 01009 2015</subfield>
    <subfield code="p">15-1009</subfield>
    <subfield code="r">2018-10-06 00:00:00</subfield>
    <subfield code="t">e.1</subfield>
    <subfield code="w">2017-08-14</subfield>
    <subfield code="y">T</subfield>
  </datafield>
</record>
